Регионална библиотека "Любен Каравелов" - Русе

Текстове в движение : проблеми на превода и адаптацията (Запис номер 53256)

MARC детайли
000 -Лидер
Контролно поле с фиксирана дължина 01200nam a2200325 c 4500
003 - Код на организацията, давaща контролен номер
Контролно поле BLK
005 - Дата и час на последна редакция
Контролно поле 20180422101726.0
008 - Елементи от данни с фиксирана дължина
fixed length control field 180408b bul|||||r ||||||| ||bul||
010 ## - Наследен системен номер
LC control number KNG00057191000
020 ## - Международен стандартен номер на книга ISBN
Международен стандартен номер на книга ISBN 954-9870-23-5
-- издат.: Петко Венедиков
040 ## - Източник на каталожния запис
Идентификатор на билиотеката - собственик на записа BLK
041 ## - Код за език
Код за езика на текст/звукозапис или на отделно заглавие Български
Код за езика КДБФ Български
080 ## - УДК
Текстов определител УДК Теория и техника на превода
УДК код - определител по УДК 82`25
УДК определител
УДК - код + определител 82`25
100 1# - Редна дума - Автор
Автор Николова, Искра
Авторска отговорност първи автор
Автор - информация (биография) Костадинова-Щукова, Искра Николова
R(LIN) 368886
139 ## - Редно поле
Редна дума Николова, Искра
Авторски знак Николова - Н 75
245 10 - Сведения за заглавието
Заглавие Текстове в движение : проблеми на превода и адаптацията
Редно поле (дума) Искра Николова.
257 ## - Страна на издаване
Страна на създаване/издаване България
260 ## - Област на издателските данни
-- София
Име на издателя, разпространителя и проч. Петко Венедиков
Година на издаване 2005
Печатница София : Симолини
300 ## - Физическа характеристика
Страници 192 с.
Размери/Мащаб 21 см
380 ## - Жанр
Жанр Литературознание
500 ## - Общи забележки
Забележка Библиогр. с. 177-190.
504 ## - Забележка за наличие на библиография и др
Забележка за наличие на библиография и под. 177-190
650 #4 - Допълнително описание по предмет – тема
Основно описание – тема или топоним Превод - теория
9 (RLIN) 242429
653 ## - Ключова дума – ненормативна
Ключова дума превод
852 ## - Местоположение
Форматна сигнатура Цб 225893
856 4# - Електронен адрес и достъп
Електронен формат pdf - файл
Път до файла /url/
856 4# - Електронен адрес и достъп
Електронен формат pdf - файл
Път до файла /url/
942 ## - АРТИКУЛИ
Вид на библиотечния материал Книги
Скрит в OPAC Не
944 ## - СЪЗДАВАНЕ И РЕДАКЦИЯ на ЗАПИСА
Създаване/Редакция Създаване
Дата на регистрацията/редакция 21.12.2005
Служител, извършил регистрацията/редакцията Людмила_Стоянова
944 ## - СЪЗДАВАНЕ И РЕДАКЦИЯ на ЗАПИСА
Създаване/Редакция Редакция
Дата на регистрацията/редакция 03.07.2009
Служител, извършил регистрацията/редакцията
999 ## - СИСТЕМНИ КОНТРОЛНИ НОМЕРА
Koha biblionumber 53256
Koha biblioitemnumber 53256
Наличности
Код за отписване Код за изгубен артикул Източник на класификационната схема Код за повреда Коз за рестрикции Код за отдаване Артикулен № Име на библиотеката - собственик Име на библиотеката, в която се намира в момента Статус (Текущо местоположение) Дата на вписване в системата Местоположение - отдел Цена в лева Инвентарен номер Систематично азбучна сигнатура Баркод Номер на екземпляра Цена в евро Служебна бележка Служебен тип на артикула
  Не е изгубен Universal Decimal Classification Не е повреден без рестрикции заемане за дома 83885 Регионална библиотека "Любен Каравелов" Русе Регионална библиотека "Любен Каравелов" Русе Заемна - подръчен фонд 2005-12-21 Заемна - подръчен фонд 5.00 120000698927 82.01/.09/Н 75 120000698927 1 2.56 Дост: DA Вид: А N: 27 Дата: 21.12.2005 Дата инв: 08.02.2018 Бележки инв: П2018 Книги
  Не е изгубен   Не е повреден без рестрикции ползва се в читалня 83886 Регионална библиотека "Любен Каравелов" Русе Регионална библиотека "Любен Каравелов" Русе Хранилище 2006-05-26 Хранилище 5.00 120000702467 Цб 225893 120000702467 2 2.56 Дост: Dp Вид: Д N: 19 Дата: 27.04.2005 Книги
  Не е изгубен Universal Decimal Classification Не е повреден без рестрикции заемане за дома 83887 Регионална библиотека "Любен Каравелов" Русе Регионална библиотека "Любен Каравелов" Русе Заемна - подръчен фонд 2009-06-29 Заемна - подръчен фонд 5.00 120000736571 82.01/.09/Н 75 120000736571 3 2.56 Дост: DA Вид: А N: 7 Дата: 29.06.2009 Дата инв: 08.02.2018 Бележки инв: П2018 Книги
Vip Innovations Ltd, Rousse, Bulgaria 2025